Nieve, la mascota de Mateo / (Record no. 9361)

000 -CABECERA
fixed length control field 00867nam a22002177a 4500
003 - IDENTIFICADOR DEL NÚMERO DE CONTROL
control field AR-CdUCM
008 - DATOS DE LONGITUD FIJA--INFORMACIÓN GENERAL
fixed length control field 190327b ||||| |||| 00| 0 spa d
020 ## - NÚMERO INTERNACIONAL ESTÁNDAR DEL LIBRO
ISBN 978-612-321-063-2
040 ## - FUENTE DE LA CATALOGACIÓN
Agencia/entidad que catalogó originalmente la obra MUNICIPALIDAD PROVINCIAL DEL CUSCO
Entidad que transcribió la catalogación BIBLIOTECA MUNICIPAL DEL CUSCO
082 ## - NÚMERO DE LA CLASIFICACIÓN DECIMAL DEWEY
No. de Clasificación PI / 376.1 /
Notacion interna D83 /
100 ## - ENTRADA PRINCIPAL--NOMBRE DE PERSONA
Nombre Personal Du Bois, Guiomar
245 ## - MENCIÓN DE TÍTULO
Título Nieve, la mascota de Mateo /
260 ## - PUBLICACIÓN, DISTRIBUCIÓN, ETC.
Lugar de publicación, distribución, etc. Lima :
Nombre de la editorial, distribuidor, etc. Satillana,
-- Loqueleo,
Fecha de publicación, distribución, etc. 2016.
300 ## - DESCRIPCIÓN FÍSICA
Nº de Páginas Extensión 38 páginas ;
Otros detalles físicos ilustraciones a color,
Dimensiones 23 cm.
650 ## - PUNTO DE ACCESO ADICIONAL DE MATERIA--TÉRMINO DE MATERIA
Descriptor Cuento infantil peruano
9 (RLIN) 25503
650 ## - PUNTO DE ACCESO ADICIONAL DE MATERIA--TÉRMINO DE MATERIA
Descriptor Siglo XX
9 (RLIN) 8
700 ## - PUNTO DE ACCESO ADICIONAL--NOMBRE DE PERSONA
Nombre Personal Venegas, Susana (Ilustradora)
9 (RLIN) 25504
942 ## - ELEMENTOS DE PUNTO DE ACCESO ADICIONAL (KOHA)
Fuente de clasificación
Tipo de item Libros-BMC
945 ## - PROCESAMIENTO DE INFORMACIÓN LOCAL (OCLC)
Catalogador raen
Holdings
Estado de retiro (separado) Fuente de clasificación o esquema de estanterías Estado dañado Ubicación Sala donde se ubica Nombre de la colección Fecha de adquisición o compra Costo, precio normal en soles Signatura topográfica Código de Barras Última vez visto (Koha) Tipo de ítem (Koha)
No     Sala de Infantes Sala Cusco Antiguo Book Cart 2019-04-24 15.00 PI / 376.1 / D83 / e.3 SI00002838 2019-04-24 Libros-BMC
No     Sala de Infantes Sala de Infantes Children's Area 2019-03-27 15.00 PI / 376.1 / D83 SI00000115 2019-03-27 Libros-BMC
No     Sala de Infantes Sala de Infantes Children's Area 2019-03-27 15.00 PI / 376.1 / D83 / e.2 SI00000116 2019-03-27 Libros-BMC
No     Sala de Infantes Sala de Infantes Children's Area 2019-04-29 15.00 PI / 376.1 / D83 / e.4 SI00003938 2019-04-29 Libros-BMC

Powered by Koha